002410000a220007300045001000017000002450075000173000053000927730022001451 aYardeni, Ada10aRemarks on the priestly blessing on two ancient amulets from Jerusalem aVol. 41, Num. 2 (Abril, 1991), Páginas 176-1850 tVetus Testamentum